Barbu ? Moustachu ? ou Glabre ? - Statistiques

Statistiques générales
  • Ce quiz a été pris 32 fois
    28 depuis la dernière actualisation
  • Le résultat moyen est 51 sur 100
Statistiques - réponses
Hint Réponse % Correct
Salvador Dali Moustachu
96%
Albert Einstein Moustachu
92%
Jean-Paul Belmondo Glabre
88%
Jules César Glabre
88%
Claude François Glabre
88%
Freddie Mercury Moustachu
88%
Michel Sardou Glabre
84%
Charlie Chaplin Moustachu
84%
Edouard Balladur Glabre
80%
Napoléon 1er Glabre
80%
Georges Clémenceau Moustachu
76%
Ferdinand Foch Moustachu
76%
Jean Ferrat Moustachu
76%
Henri VIII d'Angleterre Barbu
68%
Raymond Barre Glabre
68%
Marc Lavoine Glabre
68%
Adolf Hitler Moustachu
68%
François 1er de France Barbu
64%
Jacques Delors Glabre
64%
Léo Ferré Glabre
64%
Louis Jouvet Glabre
64%
Louis de Funès Glabre
64%
Michel Drucker Glabre
64%
George Sand Glabre
64%
Fernandel Glabre
64%
Philippe Pétain Moustachu
64%
Bruno Masure Glabre
60%
Stéphane Bern Glabre
60%
Coluche Glabre
60%
Bourvil Glabre
60%
Gérard Depardieu Glabre
60%
Walt Disney Moustachu
60%
Jean Rochefort Moustachu
60%
Conchita Wurtz Barbu
56%
Henri IV de France Barbu
56%
Michel Jonasz Glabre
56%
Benito Mussolini Glabre
56%
Jacques Chirac Glabre
56%
Gustave Flaubert Moustachu
56%
Félix Faure Moustachu
56%
Saddam Hussein Moustachu
56%
Georges Brassens Moustachu
56%
Hercule Poirot Moustachu
56%
Oliver Hardy Moustachu
56%
Sigmund Freud Barbu
52%
Richard 1er Coeur de Lion Barbu
52%
Guillaume II d'Allemagne Moustachu
52%
Clark Gable Moustachu
52%
Francisco Franco Moustachu
52%
Jules Ferry Barbu
48%
Luciano Pavarotti Barbu
48%
Stan Laurel Glabre
48%
Jean-Jacques Rousseau Glabre
48%
Noël Mamère Moustachu
48%
Tom Selleck Moustachu
48%
Nostradamus Barbu
44%
Charles 1er d'Angleterre Barbu
44%
Karl Marx Barbu
44%
Sébastien Chabal Barbu
44%
Charles Darwin Barbu
44%
Kendji Girac Barbu
44%
Jean-Pierre Coffe Glabre
44%
Errol Flynn Moustachu
44%
Francis Cabrel Moustachu
44%
Pierre Bellemare Moustachu
44%
Archibald Haddock Barbu
40%
Victor Hugo Barbu
40%
Jean Jaurès Barbu
40%
Edouard Philippe Barbu
40%
Charles Baudelaire Glabre
40%
Louis XI de France Glabre
40%
Gérard Holtz Glabre
40%
Conan Doyle Moustachu
40%
Stéphane Mallarmé Moustachu
40%
José Bové Moustachu
40%
Arsène Lupin Moustachu
40%
Anouar el-Sadate Moustachu
40%
Michel de Montaigne Barbu
36%
William Shakespeare Barbu
36%
Henri Grouès Barbu
36%
Philippe VI d'Espagne Barbu
36%
Léon Gambetta Barbu
36%
Pierre Mondy Glabre
36%
Jules Verne Barbu
32%
Sadi Carnot Barbu
32%
Pape Jules II Barbu
32%
Léon Zitrone Glabre
32%
Sébastien Le Prestre de Vauban Glabre
32%
Lénine Barbu
28%
Edouard Manet Barbu
28%
Charles de Gaulle Glabre
28%
Francis Blake Moustachu
28%
Alfred de Musset Barbu
24%
Philip Mortimer Barbu
24%
Jacques Cartier Barbu
20%
Harry de Sussex Barbu
20%
Harald Schumacher Moustachu
20%
Jean Reno Barbu
8%
Vianney Barbu
8%
Guillaume Canet Barbu
4%
Aucun quiz correspondant
Distribution des résultats
% des personnes avec chaque résultat
Percentile par nombre de réponses
Votre historique - résultats
Vous n’avez pas pris ce quiz depuis la dernière actualisation